Синтетические полимеры и пластические массы на их основе: учебное пособие

Bibliographic Details
Main Author: Николаев А. Ф. Анатолий Федорович
Language:Russian
Published: Москва, Химия, 1966
Edition:2-е изд., испр. и доп.
Subjects:
Format: Book
KOHA link:https://koha.lib.tpu.ru/cgi-bin/koha/opac-detail.pl?biblionumber=36059

MARC

LEADER 00000nam0a2200000 4500
001 36059
005 20231031000957.0
035 |a (RuTPU)RU\TPU\book\36520 
035 |a BOOK00003172 
090 |a 36059 
100 |a 20011210d1966 m y0rusy50 ca 
101 0 |a rus 
102 |a RU 
105 |a y j 000zy 
200 1 |a Синтетические полимеры и пластические массы на их основе  |e учебное пособие  |f А. Ф. Николаев 
205 |a 2-е изд., испр. и доп. 
210 |a Москва  |a Ленинград  |c Химия  |d 1966 
215 |a 768 с. 
451 1 |0 (RuTPU)RU\TPU\book\36519  |t Синтетические полимеры и пластические массы на их основе  |o учебное пособие  |f А. Ф. Николаев  |c Москва  |n Химия  |d 1964  |p 784 с.  |a Николаев, Анатолий Федорович 
451 |c Ленинград 
610 1 |a химия 
610 1 |a полимеры 
610 1 |a пластические массы 
610 1 |a сырье 
610 1 |a характеристики 
610 1 |a получение 
610 1 |a методы 
610 1 |a технологические процессы 
610 1 |a свойства 
610 1 |a полимеры 
610 1 |a образование 
610 1 |a учебные пособия 
675 |a 679.56(075.8)  |v 3 
675 |a 679.5(075.8)  |v 3 
700 1 |a Николаев  |b А. Ф.  |g Анатолий Федорович 
801 0 |a RU  |b 63413507  |c 20011210  |g PSBO 
801 2 |a RU  |b 63413507  |c 20160617  |g PSBO 
900 |a Химия и технология пластических масс 
900 |a Технология пластических масс 
900 |a Химическая технология полимеров 
900 |a Общая химическая технология полимеров 
942 |c BK